Normal view
MARC view
- التربية و التعليم-تعلم و تعليم. تعلم-تعلم و تعليم
Entry Topical Term
001 - CONTROL NUMBER
- control field: 37485
003 - CONTROL NUMBER IDENTIFIER
- control field: JO-AjAnu
005 - DATE AND TIME OF LATEST TRANSACTION
- control field: 20230606080242.0
008 - FIXED-LENGTH DATA ELEMENTS
- fixed length control field: 230606|| aca||aabn | a|a d
040 ## - CATALOGING SOURCE
- Original cataloging agency: JO-AjAnu
- Transcribing agency: JO-AjAnu
150 ## - HEADING--TOPICAL TERM
- Topical term or geographic name entry element: التربية و التعليم-تعلم و تعليم. تعلم-تعلم و تعليم
670 ## - SOURCE DATA FOUND
- Source citation: Work cat.: (JO-AjAnu)19234: اللقاني، أحمد حسين مؤلف/أبو سنينة، عودة عبد الجواد م.مشارك, author 37484, التعلم والتعليم الصفي